000 00898nam a2200217Ia 4500
005 20241129111047.0
008 241129s9999||||xx |||||||||||||| ||und||
020 _a81-87482-17-6
037 _aTB
040 _aCRL
_bhin
_cCRL
041 _ahin
_2hin
084 _aO152v Q9
_qCRL
100 _aपचौरी, सुधीश, ले.
245 0 _aतीसरी परम्परा की खोज: नव्य इतिहासशास्त्र की दृष्टि से हिन्दी साहित्य के इतिहास का तीसरा आयाम
_cपचौरी, सुधीश, ले.
260 _aनई दिल्ली, भारत
_bवाणी प्रकाशन
_c2019
300 _a263पृ0
365 _aINR
_b595
650 _aHindi Literature
_923866
942 _cTB
_hO152v Q9
999 _c1228758
_d1228758